Cities with the most hipsters - Statistics

General Stats
  • This quiz has been taken 40 times
  • The average score is 6 of 30
Answer Stats
If it's found, it's lost City % Correct
11. (W/C Europe) Berlin
76%
22. (W Europe) Paris
67%
2. (US) Portland, OR
61%
21. (S Europe) Milan
42%
25. (S Europe) Lisbon
36%
13. (Oceania) Melbourne
33%
3. (N.Am) Montreal
30%
28. (Europe?) Istanbul
27%
23. (W/C Europe) Munich
27%
19. (US) Atlanta
24%
20. (E Asia) Seoul
24%
16. (SE Europe) Bucharest
21%
7. (South Asia) Delhi
18%
9. (SE Europe) Zagreb
18%
24. (C Europe) Bratislava
12%
17. (E Europe) Saint Petersburg
12%
6. (Southern Africa) Cape Town
9%
1. (S Europe) Porto
9%
15. (US) Salt Lake City
9%
4. (Central Europe) Brno
6%
27. (W Europe) Rotterdam
6%
5. (W/C Europe) Stuttgart
6%
8. (N.Am) Winnipeg
6%
14. (E Europe) Minsk
3%
10. (West Asia) Bursa
0%
18. (SE Asia) Chiang Mai
0%
26. (W Europe) Hague
0%
29. (US) Kansas City, MO
0%
30. (W Europe) Scheveningen
0%
12. (N.Am) Tijuana
0%
No matching quizzes found
Score Distribution
Percent of People with Each Score
Percentile by Number Answered
Your Score History
You have not taken this quiz